000 00835nam a22002537a 4500
001 BR8901675
003 BR-BrBNA
005 20230928093200.0
007 ta
008 230509b bl.||||| |||| 00| 0 por d
040 _aBR-BrBNA
_bpor
_cBiblioteca Nacional de Agricultura
041 _a(Por)
072 _aF01
_b0180
_b0175
090 _ 0180 BR8901675
110 1 _aFederacao das Cooperativas de Trigo e Soja do Rio Grande do Sul Ltda., Cruz Alta (Brasil). Centro de Experimentacao e Pesquisa
_94623
111 1 _a14. Reuniao Nacional de Pesquisa de Trigo
_cLondrina, PR (Brazil)
_d21-25 Jul 1986
245 1 _aTrigo e triticale. Resultados de pesquisa 1985
260 3 _aCruz Alta, RS (Brasil):
_c1986.
300 _a143 p.
650 _aTRIGO
650 _aTRITICALE
909 _a202309
_bLucia
_c55
_dLucia Elande
942 _cBK
999 _c43466
_d43466